|
|
|
|
| LEADER |
02050nam a2200433 a 4500 |
| 001 |
000778310 |
| 003 |
CZ BrMZK |
| 005 |
20080513101632.0 |
| 007 |
ta |
| 008 |
050610s2004 xr fr 100 0 cze d |
| 015 |
|
|
|a cnb001530816
|
| 020 |
|
|
|a 80-210-3612-5
|q (brož.)
|
| 035 |
|
|
|a (OCoLC)85152397
|
| 040 |
|
|
|a BOA001
|b cze
|
| 041 |
0 |
|
|a cze
|a pol
|a slo
|
| 072 |
|
7 |
|a 54
|x Chemie. Mineralogické vědy
|2 Konspekt
|9 10
|
| 080 |
|
|
|a 54
|2 MRF
|
| 080 |
|
|
|a 37.016.026
|2 MRF
|
| 080 |
|
|
|a (062.534)
|2 MRF
|
| 111 |
2 |
|
|a Mezinárodní seminář didaktiků chemie
|d (2004 :
|c Šlapanice, Brno-venkov, Česko)
|7 kn20050915096
|
| 245 |
1 |
0 |
|a Mezinárodní seminář didaktiků chemie věnován prof. Ing. Milanu Kratochvílovi, CSc. k 80. narozeninám :
|b sborník příspěvků : 30. června až 2. července 2004, Vzdělávací středisko CDVU MU v Brně, Šlapanice u Brna, Nádražní 58 /
|c editor Jiří Šibor
|
| 250 |
|
|
|a 1. vyd.
|
| 260 |
|
|
|a Brno :
|b Masarykova univerzita,
|c 2004
|
| 300 |
|
|
|a 25 s. ;
|c 21 cm +
|e 1 CD-ROM
|
| 490 |
1 |
|
|a Sborník prací Pedagogické fakulty Masarykovy univerzity v Brně ;
|v č. 179.
|a Řada přírodních věd ;
|v č. 24
|
| 500 |
|
|
|a Název a podnázev z obálky
|
| 500 |
|
|
|a Nad názvem: Katedra chemie, Pedagogická fakulta, Masarykova univerzita v Brně
|
| 546 |
|
|
|a Český, polský a slovenský text
|
| 650 |
0 |
7 |
|a chemie
|7 ph114237
|2 czenas
|
| 650 |
0 |
7 |
|a předmětová didaktika
|7 ph162893
|2 czenas
|
| 655 |
|
7 |
|a sborníky konferencí
|7 fd133333
|2 czenas
|
| 700 |
1 |
|
|a Šibor, Jiří,
|d 1971-
|7 mzk2004248681
|4 edt
|
| 710 |
2 |
|
|a Masarykova univerzita.
|b Pedagogická fakulta.
|b Katedra chemie
|7 kn20010709036
|
| 810 |
2 |
|
|a Masarykova univerzita.
|b Pedagogická fakulta.
|t Sborník prací.
|p Řada přírodních věd
|0 s
|
| 910 |
|
|
|a BOA001
|b 2-1154.209
|
| 990 |
|
|
|a BK
|
| 991 |
|
|
|b 200507
|c NOV
|
| 996 |
6 |
|
|b 2610253982
|c 2-1154.209
|l MZK
|r Sklad / do 1 hodiny
|n 1
|p p.v.
|w 000778310
|u 000010
|a 1
|e BOA001
|j MZK50
|s P
|
| 996 |
7 |
|
|b 2610253983
|c 2-1154.209
|l MZK
|r Sklad / do 1 hodiny
|n 1
|p p.v.
|w 000778310
|u 000020
|a 1
|e BOA001
|j MZK50
|s A
|